Adlerian group counseling and therapy : (Record no. 7044)
[ view plain ]
| 000 -LEADER | |
|---|---|
| fixed length control field | 00664cam a22001814a 4500 |
| 020 ## - ISBN | |
| International Standard Book Number | 0415948207 (hdk. : alk. paper) |
| 050 00 - LIBRARY OF CONGRESS CALL NUMBER | |
| Classification Number | RC488 |
| Item Number | .S62 2004 |
| 100 1# - MAIN ENTRY--Author | |
| Personal name | Sonstegard, Manford A. |
| 245 10 - TITLE | |
| Title | Adlerian group counseling and therapy : |
| Remainder of title | step-by-step / |
| Statement of responsibility, etc | Manford A. Sonstegard, James Robert Bitter, with Peggy Pelonis. |
| 260 ## - PUBLICATION, DISTRIBUTION, ETC.(IMPRINT) | |
| Place of publication, distribution, etc | New York : |
| Name of publisher, distributor, etc | Brunner-Routledge, |
| Date of publication, distribution, etc | c2004. |
| 300 ## - PHYSICAL DESCRIPTION | |
| Extent | xxi, 198 p. : |
| 650 12 - SUBJECT--TOPIC | |
| General subdivision | methods. |
| 700 1# - ADDED ENTRY--PERSONAL AUTHOR | |
| Personal Name | Bitter, James Robert. |
| 700 1# - ADDED ENTRY--PERSONAL AUTHOR | |
| Personal Name | Pelonis, Peggy. |
| 856 41 - URL/ELECTRONIC LOCATION AND ACCESS | |
| Uniform Resource Identifier | <a href="http://www.loc.gov/catdir/toc/ecip047/2003018213.html">http://www.loc.gov/catdir/toc/ecip047/2003018213.html</a> |
| 856 42 - URL/ELECTRONIC LOCATION AND ACCESS | |
| Uniform Resource Identifier | <a href="http://www.loc.gov/catdir/enhancements/fy0647/2003018213-d.html">http://www.loc.gov/catdir/enhancements/fy0647/2003018213-d.html</a> |
| 942 ## - ADDED ENTRY ELEMENTS(KOHA) | |
| Source of classification or shelving scheme | Library of Congress Classification |
| Koha item type | General circulation |
| Source of classification or shelving scheme | Not for loan | Location (home branch) | Sublocation (holding branch) | Shelving location | Date accessioned | Full call number | Barcode | Koha item type | Public note |
|---|---|---|---|---|---|---|---|---|---|
| Library of Congress Classification | Main Campus Library | Main Campus Library | 24/07/2015 | RC488 .S62 2004 | 2015/004700 | General circulation | amm |